[Event "30. Internationales Böblinger Open"]
[Site "Böblingen"]
[Date "2013.12.28"]
[Round "5"]
[White "Kachar, Vladimir"]
[Black "Burmakin, Vladimir"]
[Result "0-1"]
[WhiteElo "2290"]
[BlackElo "2585"]
[PlyCount "127"]
[EventDate "2013.12.26"]
[EventType "swiss"]
[EventRounds "9"]
[EventCountry "GER"]

1. d4 g6 2. c4 Bg7 3. Nc3 d6 4. Nf3 c6 5. e4 Bg4 6. Be3 Qb6 7. Qd2 Qc7 8. Ng5
h6 9. Nf3 Bxf3 10. gxf3 Nd7 11. Bh3 e6 12. Rd1 Ne7 13. O-O a6 14. Kh1 Rd8 15.
Rg1 c5 16. d5 exd5 17. Nxd5 Nxd5 18. cxd5 Ne5 19. Qe2 Qe7 20. f4 Nd7 21. f3 O-O
22. Bxd7 Rxd7 23. f5 Kh7 24. Qg2 g5 25. Qh3 Bf6 26. Rd2 Rh8 27. Qh5 Kg7 28.
Rdg2 Kf8 29. Rc2 b5 30. b3 Be5 31. Qh3 Qf6 32. Rd1 Ke7 33. Qf1 Rc7 34. Qe1 Ra8
35. Qf1 Kd7 36. Qe2 Rac8 37. Rdc1 Bd4 38. Bd2 Re8 39. Qf1 Bb2 40. Rb1 Bd4 41.
Qh3 Be5 42. Qh5 Rec8 43. Ba5 Rb7 44. Be1 a5 45. Qh3 Ra8 46. Qf1 b4 47. Qc4 Ke7
48. Rg2 a4 49. Bd2 axb3 50. axb3 Rba7 51. Qb5 Ra1 52. Rxa1 Rxa1+ 53. Rg1 Rxg1+
54. Kxg1 Kf8 55. Kg2 Kg7 56. Be1 Bf4 57. Qe2 Qd4 58. h4 Qe3 59. Qxe3 Bxe3 60.
hxg5 Bxg5 61. Kf1 h5 62. Ke2 h4 63. f4 Bxf4 64. Bxh4 0-1

[Event "30. Internationales Böblinger Open"]
[Site "Böblingen"]
[Date "2013.12.28"]
[Round "5"]
[White "Lambert, Andreas"]
[Black "Matnadze, Ana"]
[Result "0-1"]
[WhiteElo "2144"]
[BlackElo "2382"]
[PlyCount "54"]
[EventDate "2013.12.26"]
[EventType "swiss"]
[EventRounds "9"]
[EventCountry "GER"]

1. g3 e5 2. c4 Nf6 3. Bg2 d5 4. cxd5 Nxd5 5. Nc3 Nb6 6. Nf3 Nc6 7. O-O Be7 8.
a3 a5 9. d3 Be6 10. Be3 O-O 11. Na4 Nd5 12. Bc5 Bd6 13. Bxd6 cxd6 14. e4 Nf6
15. h3 Nd4 16. Nxd4 exd4 17. b3 Rc8 18. f4 b5 19. f5 bxa4 20. fxe6 fxe6 21.
bxa4 Rc3 22. h4 Qc7 23. Bh3 d5 24. Rf3 dxe4 25. Bxe6+ Kh8 26. dxe4 d3 27. Bd5
d2 0-1

[Event "30. Internationales Böblinger Open"]
[Site "Böblingen"]
[Date "2013.12.28"]
[Round "5"]
[White "Maiorov, Nikita"]
[Black "Kvetny, Mark"]
[Result "1/2-1/2"]
[WhiteElo "2552"]
[BlackElo "2239"]
[PlyCount "97"]
[EventDate "2013.12.26"]
[EventType "swiss"]
[EventRounds "9"]
[EventCountry "GER"]

1. d4 Nf6 2. c4 e6 3. Nf3 d5 4. e3 c5 5. cxd5 exd5 6. Bb5+ Nc6 7. O-O cxd4 8.
Nxd4 Bd7 9. b3 Qb6 10. Bb2 Bd6 11. Nc3 O-O 12. Nf3 Be6 13. Rc1 Rac8 14. Bd3 Qd8
15. Nb5 Bb8 16. Nbd4 Nxd4 17. Bxd4 Ne4 18. Rxc8 Qxc8 19. Qb1 Bf5 20. Rc1 Qe6
21. Qb2 Qg6 22. Be5 Bxe5 23. Qxe5 Qe6 24. Qd4 a6 25. h3 h6 26. Rc7 Nd6 27. Bxf5
Qxf5 28. Qd1 Rc8 29. Nd4 Qf6 30. Qc2 Qd8 31. Rxc8 Qxc8 32. Qxc8+ Nxc8 33. g4 g6
34. Ne2 Kg7 35. Nc3 Ne7 36. Na4 a5 37. Nc5 b6 38. Nd7 Nc8 39. Ne5 Kf6 40. f4
Ke6 41. Kf2 Nd6 42. Nc6 Ne4+ 43. Kf3 Nc3 44. a4 Ne4 45. Ke2 Kd6 46. Ne5 Ke6 47.
Nf3 Kd6 48. Ne5 Ke6 49. Nf3 1/2-1/2

[Event "30. Internationales Böblinger Open"]
[Site "Böblingen"]
[Date "2013.12.28"]
[Round "5"]
[White "Meiser, Markus"]
[Black "Kabisch, Thilo"]
[Result "0-1"]
[WhiteElo "2153"]
[BlackElo "2262"]
[PlyCount "66"]
[EventDate "2013.12.26"]
[EventType "swiss"]
[EventRounds "9"]
[EventCountry "GER"]

1. d4 Nf6 2. c4 g6 3. Nc3 Bg7 4. e4 d6 5. f3 O-O 6. Be3 b6 7. Qd2 c5 8. d5 e6
9. O-O-O exd5 10. Nxd5 Nc6 11. Bg5 Be6 12. Ne2 Bxd5 13. exd5 Ne5 14. Nc3 Re8
15. Qf4 h6 16. Bxh6 b5 17. Bg5 bxc4 18. Ne4 Nh5 19. Bxd8 Nxf4 20. Nf6+ Bxf6 21.
Bxf6 Ned3+ 22. Kb1 Nxd5 23. Bg5 Ne3 24. Bxd3 Nxd1 25. Bxc4 Ne3 26. Bb5 Re5 27.
Bf4 Re6 28. Bd7 Nxg2 29. Bxe6 Nxf4 30. Bb3 d5 31. Rg1 c4 32. Bc2 Re8 33. Rd1
Re3 0-1

[Event "30. Internationales Böblinger Open"]
[Site "Böblingen"]
[Date "2013.12.28"]
[Round "5"]
[White "Milov, Leonid"]
[Black "Bijlsma, Nick"]
[Result "1-0"]
[WhiteElo "2525"]
[BlackElo "2178"]
[PlyCount "71"]
[EventDate "2013.12.26"]
[EventType "swiss"]
[EventRounds "9"]
[EventCountry "GER"]

1. e4 c5 2. Nf3 d6 3. d4 cxd4 4. Nxd4 Nf6 5. Nc3 a6 6. Bg5 e6 7. Qf3 h6 8. Be3
Qc7 9. Qg3 b5 10. a3 Nbd7 11. O-O-O Rb8 12. Nb3 Nb6 13. Bxb5+ axb5 14. Nxb5 Qd7
15. Nxd6+ Bxd6 16. Rxd6 Nxe4 17. Qxg7 Qxd6 18. Qxh8+ Ke7 19. Qxh6 Qc6 20. f3
Na4 21. Qh4+ Nf6 22. Bg5 Rxb3 23. Rd1 e5 24. Bxf6+ Qxf6 25. Qxf6+ Kxf6 26. cxb3
Nc5 27. b4 Nb3+ 28. Kc2 Nd4+ 29. Kc3 Nf5 30. a4 Ke6 31. b5 Ne3 32. Rd2 Nd5+ 33.
Kc4 Nb6+ 34. Kb4 f5 35. a5 Nd5+ 36. Kc5 1-0

[Event "30. Internationales Böblinger Open"]
[Site "Böblingen"]
[Date "2013.12.28"]
[Round "5"]
[White "Novoselski, Zoran"]
[Black "Gavrilov, Alexei V"]
[Result "0-1"]
[WhiteElo "2381"]
[BlackElo "2452"]
[PlyCount "108"]
[EventDate "2013.12.26"]
[EventType "swiss"]
[EventRounds "9"]
[EventCountry "GER"]

1. e4 c6 2. d4 d5 3. Nc3 dxe4 4. Nxe4 Bf5 5. Ng3 Bg6 6. Nf3 Nd7 7. h4 h6 8. h5
Bh7 9. Bd3 Bxd3 10. Qxd3 e6 11. Bd2 Ngf6 12. O-O-O Be7 13. Ne4 Qb6 14. Nxf6+
Bxf6 15. Rhe1 Rd8 16. Qa3 Be7 17. Qa4 Nf6 18. c4 O-O 19. Be3 Qc7 20. Kb1 b5 21.
Qc2 bxc4 22. Ne5 c5 23. Qxc4 Rc8 24. g4 Nd5 25. Nd3 Nxe3 26. fxe3 cxd4 27. Qxc7
Rxc7 28. exd4 Rd8 29. Ne5 Bf6 30. Nf3 Kf8 31. Rd2 Ke7 32. Rc1 Rxc1+ 33. Kxc1
Kd6 34. Rc2 Kd5 35. Kd2 Ke4 36. Ke2 Rd7 37. Rc4 Bxd4 38. Nxd4 Rxd4 39. Rc7 Ra4
40. Rxf7 Rxa2 41. Kd1 Rxb2 42. Rxa7 e5 43. Rxg7 Kd3 44. Ke1 Ke3 45. Kf1 Kf3 46.
Kg1 Rg2+ 47. Kf1 Ra2 48. Kg1 e4 49. g5 hxg5 50. Rxg5 Ra1+ 51. Kh2 e3 52. Rg3+
Ke4 53. Rg8 e2 54. h6 e1=Q 0-1

[Event "30. Internationales Böblinger Open"]
[Site "Böblingen"]
[Date "2013.12.28"]
[Round "5"]
[White "Schmid, Roland"]
[Black "Steinhart, Karl Heinz"]
[Result "1/2-1/2"]
[WhiteElo "2261"]
[BlackElo "2151"]
[PlyCount "45"]
[EventDate "2013.12.26"]
[EventType "swiss"]
[EventRounds "9"]
[EventCountry "GER"]

1. d4 d5 2. c4 e6 3. Nc3 Nf6 4. cxd5 exd5 5. Bg5 Be7 6. e3 c6 7. Qc2 h6 8. Bh4
O-O 9. Bd3 b6 10. Nge2 Ba6 11. O-O Bxd3 12. Qxd3 Ne4 13. Bxe7 Qxe7 14. f3 Nxc3
15. Nxc3 f5 16. e4 fxe4 17. fxe4 Rxf1+ 18. Rxf1 dxe4 19. Nxe4 Kh8 20. d5 Nd7
21. Rc1 cxd5 22. Qxd5 Re8 23. Rd1 1/2-1/2

[Event "30. Internationales Böblinger Open"]
[Site "Böblingen"]
[Date "2013.12.28"]
[Round "5"]
[White "Schulte, Thorsten"]
[Black "Hottes, Dieter"]
[Result "1/2-1/2"]
[WhiteElo "2112"]
[BlackElo "2206"]
[PlyCount "85"]
[EventDate "2013.12.26"]
[EventType "swiss"]
[EventRounds "9"]
[EventCountry "GER"]

1. d4 Nf6 2. c4 d6 3. Nc3 e5 4. Nf3 Nbd7 5. e4 Be7 6. Be2 O-O 7. O-O exd4 8.
Nxd4 Nc5 9. Bf3 a5 10. Rb1 Re8 11. b3 Bf8 12. Re1 g6 13. Bf4 Bg7 14. Qd2 Nfd7
15. Rbd1 Ne5 16. Be2 Ned3 17. Bxd3 Bxd4 18. Bc2 Ne6 19. Be3 Bg7 20. Nd5 b6 21.
f3 Bb7 22. Bf2 Qd7 23. Bh4 Bxd5 24. cxd5 Nc5 25. Bf2 Qe7 26. Bd3 Nxd3 27. Qxd3
Bb2 28. Kh1 Ba3 29. Bd4 f6 30. Re2 Bc5 31. Bb2 a4 32. Qc3 axb3 33. axb3 b5 34.
b4 Bb6 35. Qc6 Reb8 36. Qxb5 Bc5 37. Qc6 Bxb4 38. Bd4 Kf7 39. Rb2 Bc5 40. Rxb8
Rxb8 41. Bxc5 dxc5 42. Rc1 Qd6 43. Qa4 1/2-1/2

[Event "30. Internationales Böblinger Open"]
[Site "Böblingen"]
[Date "2013.12.28"]
[Round "5"]
[White "Smith, Thijmen"]
[Black "Wettengel, Alexander"]
[Result "1/2-1/2"]
[WhiteElo "2188"]
[BlackElo "2095"]
[PlyCount "30"]
[EventDate "2013.12.26"]
[EventType "swiss"]
[EventRounds "9"]
[EventCountry "GER"]

1. e4 e6 2. d4 d5 3. Nd2 c5 4. Ngf3 cxd4 5. Nxd4 e5 6. N4f3 dxe4 7. Nxe5 Qd5 8.
Nec4 Nf6 9. Ne3 Qd7 10. b3 Bb4 11. Bb2 O-O 12. a3 Bxd2+ 13. Qxd2 Qxd2+ 14. Kxd2
Rd8+ 15. Ke1 Ng4 1/2-1/2

[Event "30. Internationales Böblinger Open"]
[Site "Böblingen"]
[Date "2013.12.28"]
[Round "5"]
[White "Vuckovic, Aleksandar"]
[Black "Braeuner, Uwe"]
[Result "1-0"]
[WhiteElo "2317"]
[BlackElo "2155"]
[PlyCount "121"]
[EventDate "2013.12.26"]
[EventType "swiss"]
[EventRounds "9"]
[EventCountry "GER"]

1. e4 c5 2. Nf3 d6 3. d4 cxd4 4. Nxd4 Nf6 5. Nc3 Nc6 6. h3 e5 7. Nde2 Be6 8.
Bg5 h6 9. Bxf6 Qxf6 10. Nd5 Qd8 11. Nec3 a6 12. Be2 Be7 13. O-O O-O 14. Bg4 Nd4
15. Ne3 b5 16. Ncd5 Bg5 17. c3 Nc6 18. a4 Bxe3 19. Nxe3 b4 20. Qd3 Qe7 21. Rfd1
Rfd8 22. Bxe6 Qxe6 23. Nd5 Ra7 24. Nxb4 Nxb4 25. cxb4 Rb8 26. b5 axb5 27. axb5
Rab7 28. Ra5 Rb6 29. Qd5 Qxd5 30. Rxd5 R8b7 31. Kh2 Kf8 32. Kg3 Ke7 33. Kf3 Ke6
34. g4 g6 35. Ke3 Kd7 36. Kd3 f6 37. Kc4 Kc7 38. Ra8 Rb8 39. Rxb8 Rxb8 40. Rd3
Rc8 41. Kb4 Rd8 42. Rc3+ Kb7 43. Rc6 f5 44. f3 fxg4 45. fxg4 h5 46. gxh5 gxh5
47. Kc4 Rf8 48. Rxd6 Rf4 49. Kd5 Rh4 50. Kxe5 Rxh3 51. Rh6 Rb3 52. Kf5 Rxb5+
53. e5 Rxb2 54. Rxh5 Kc7 55. Kf6 Kd7 56. Rh7+ Ke8 57. Rh8+ Kd7 58. e6+ Kd6 59.
Rd8+ Kc7 60. e7 Rf2+ 61. Kg7 1-0

[Event "30. Internationales Böblinger Open"]
[Site "Böblingen"]
[Date "2013.12.28"]
[Round "5"]
[White "Winterberg, Lukas"]
[Black "Noe, Christopher"]
[Result "0-1"]
[WhiteElo "2305"]
[BlackElo "2253"]
[PlyCount "120"]
[EventDate "2013.12.26"]
[EventType "swiss"]
[EventRounds "9"]
[EventCountry "GER"]

1. e4 e5 2. Nf3 Nc6 3. Bb5 Nf6 4. Bxc6 dxc6 5. d3 Bd6 6. Nbd2 O-O 7. O-O Nd7 8.
Nc4 Re8 9. Bg5 f6 10. Bd2 Nf8 11. Nh4 Ne6 12. Nf5 Bf8 13. a4 Nd4 14. Nxd4 Qxd4
15. Be3 Qd8 16. Qe1 Be6 17. Qc3 b6 18. b4 Qe7 19. Rfb1 Kh8 20. a5 Qf7 21. Nd2
Qd7 22. Ra3 Rab8 23. Qa1 f5 24. axb6 axb6 25. exf5 Bxf5 26. Ne4 Qd5 27. Ng3 Bg6
28. Ra7 Rbc8 29. f3 c5 30. b5 c4 31. Qa2 Bc5 32. Nf1 Bxe3+ 33. Nxe3 Qc5 34. Kf2
cxd3 35. cxd3 Bxd3 36. Rb2 Bxb5 37. Rc2 Qd4 38. Rcxc7 Rxc7 39. Rxc7 Qh4+ 40. g3
Qxh2+ 41. Ng2 Qh1 42. g4 Bf1 43. Kg3 Qxg2+ 44. Qxg2 Bxg2 45. Kxg2 Rb8 46. Kf2
b5 47. Ke3 b4 48. Kd2 b3 49. Kc1 b2+ 50. Kb1 Kg8 51. Rc5 Rb3 52. Rxe5 Rxf3 53.
Kxb2 Rf4 54. Kc3 Rxg4 55. Kd3 Rf4 56. Ke3 Rf8 57. Re7 h5 58. Re5 g6 59. Re7 Rf7
60. Re6 Kg7 0-1

[Event "30. Internationales Böblinger Open"]
[Site "Böblingen"]
[Date "2013.12.29"]
[Round "6"]
[White "Bijlsma, Nick"]
[Black "Winterberg, Lukas"]
[Result "1-0"]
[WhiteElo "2178"]
[BlackElo "2305"]
[PlyCount "55"]
[EventDate "2013.12.26"]
[EventType "swiss"]
[EventRounds "9"]
[EventCountry "GER"]

1. e4 c5 2. Nf3 e6 3. d4 cxd4 4. Nxd4 Nc6 5. Nc3 Qc7 6. Be2 a6 7. O-O Nf6 8. a3
Nxd4 9. Qxd4 Bc5 10. Qd3 b5 11. Bf3 Rb8 12. g3 Bd6 13. Be3 Be5 14. Bd4 Bb7 15.
Rad1 Rc8 16. Bg2 O-O 17. Rd2 Rfd8 18. Rfd1 Bc6 19. Ne2 d5 20. Bxe5 Qxe5 21. f4
Qxb2 22. e5 Nd7 23. Qe3 Qa2 24. Nd4 Qc4 25. f5 Nf8 26. Bh3 exf5 27. Nxf5 Rb8
28. Bf1 1-0

[Event "30. Internationales Böblinger Open"]
[Site "Böblingen"]
[Date "2013.12.29"]
[Round "6"]
[White "Commercon, Simon"]
[Black "Novoselski, Zoran"]
[Result "1-0"]
[WhiteElo "2164"]
[BlackElo "2381"]
[PlyCount "120"]
[EventDate "2013.12.26"]
[EventType "swiss"]
[EventRounds "9"]
[EventCountry "GER"]

1. d4 g6 2. e4 Bg7 3. Nc3 c6 4. Nf3 d5 5. exd5 cxd5 6. Bf4 Nf6 7. Nb5 Na6 8. h3
O-O 9. Be2 Bf5 10. c3 Ne8 11. O-O Nb8 12. Re1 Nc6 13. Bf1 a6 14. Na3 Rc8 15.
Nb1 Qd7 16. Nbd2 Ra8 17. Nb3 b6 18. g4 Be6 19. Ng5 Nd8 20. Nc1 Nd6 21. Nd3 h6
22. Nxe6 Nxe6 23. Bh2 Ng5 24. h4 Nge4 25. f3 Nf6 26. Ne5 Qb7 27. Bd3 b5 28. Qe2
Nc4 29. Rad1 Qc8 30. Kh1 Ra7 31. Rg1 Nd7 32. Nxg6 fxg6 33. Qe6+ Rf7 34. Bxg6
Qe8 35. b3 Ncb6 36. f4 Rb7 37. f5 Nf8 38. Bxf7+ Qxf7 39. Qe3 Nc8 40. g5 hxg5
41. Rxg5 Nh7 42. Rg2 Nd6 43. Bxd6 exd6 44. Qf4 Qe7 45. Rdg1 Qe4 46. Qxe4 dxe4
47. Rg6 Nf8 48. f6 Nxg6 49. Rxg6 d5 50. Kg2 a5 51. a4 bxa4 52. bxa4 Rb2+ 53.
Kf1 Rh2 54. Rxg7+ Kf8 55. Rd7 Rh3 56. Rxd5 Rxc3 57. Rxa5 Kf7 58. Rc5 Rd3 59. a5
Kxf6 60. a6 Ra3 1-0

[Event "30. Internationales Böblinger Open"]
[Site "Böblingen"]
[Date "2013.12.29"]
[Round "6"]
[White "Dorst, Johannes"]
[Black "Gschnitzer, Oswald"]
[Result "0-1"]
[WhiteElo "2222"]
[BlackElo "2426"]
[PlyCount "68"]
[EventDate "2013.12.26"]
[EventType "swiss"]
[EventRounds "9"]
[EventCountry "GER"]

1. e4 c5 2. Nc3 Nc6 3. Bb5 Nd4 4. Bc4 e6 5. Nge2 a6 6. Nxd4 cxd4 7. Ne2 b5 8.
Bd3 Bc5 9. b4 Bxb4 10. Nxd4 Bb7 11. O-O Nf6 12. Re1 d6 13. a4 Qb6 14. Nb3 O-O
15. c3 Bc5 16. Qe2 e5 17. Bc2 Bxe4 18. Bxe4 Nxe4 19. a5 Bxf2+ 20. Kh1 Qc7 21.
Qxe4 Bxe1 22. Qxe1 Qc4 23. Rb1 f5 24. Ba3 Qd5 25. Na1 f4 26. Nc2 Rf6 27. Qf2 f3
28. g3 Qd3 29. Rc1 Rc8 30. Ne3 d5 31. Ng4 Re6 32. Re1 e4 33. Bc5 h5 34. Qe3
Qxe3 0-1

[Event "30. Internationales Böblinger Open"]
[Site "Böblingen"]
[Date "2013.12.29"]
[Round "6"]
[White "Eisenbeiser, Amadeus"]
[Black "Maiorov, Nikita"]
[Result "0-1"]
[WhiteElo "2341"]
[BlackElo "2552"]
[PlyCount "104"]
[EventDate "2013.12.26"]
[EventType "swiss"]
[EventRounds "9"]
[EventCountry "GER"]

1. e4 e5 2. Nf3 Nc6 3. Bc4 Bc5 4. O-O Nf6 5. d3 a6 6. c3 d6 7. Bb3 O-O 8. Nbd2
h6 9. Re1 Be6 10. Nf1 Re8 11. Bxe6 fxe6 12. Be3 Bxe3 13. Nxe3 Rf8 14. Nf1 Nh5
15. g3 Qf6 16. N1d2 Rf7 17. Rf1 Raf8 18. Ne1 Qg6 19. Ng2 Rd7 20. Qb3 Rb8 21.
Rae1 Kh8 22. Re2 Qe8 23. Rfe1 Nf6 24. Nf1 b5 25. Nfe3 Rbd8 26. Nc2 Re7 27. a4
Na5 28. Qb4 Nb7 29. axb5 axb5 30. Na3 c6 31. d4 Nd7 32. d5 exd5 33. exd5 cxd5
34. Qxb5 Nbc5 35. Ne3 Rb8 36. Qc6 Nd3 37. Rd1 e4 38. Qxd5 Nf6 39. Qf5 Re5 40.
Qh3 Rg5 41. Qf1 Qh5 42. Nac2 Nd7 43. Nd4 N7e5 44. Red2 Rf8 45. Rxd3 exd3 46. f4
Rg6 47. Rd2 Rgf6 48. Qg2 Qe8 49. fxe5 dxe5 50. Ndf5 e4 51. Nd4 Qa8 52. h4 Ra6
0-1

[Event "30. Internationales Böblinger Open"]
[Site "Böblingen"]
[Date "2013.12.29"]
[Round "6"]
[White "Gavrilov, Alexei V"]
[Black "Fedorovsky, Michael"]
[Result "1/2-1/2"]
[WhiteElo "2452"]
[BlackElo "2388"]
[PlyCount "40"]
[EventDate "2013.12.26"]
[EventType "swiss"]
[EventRounds "9"]
[EventCountry "GER"]

1. d4 Nf6 2. c4 e6 3. Nf3 d5 4. Nc3 c5 5. cxd5 cxd4 6. Nxd4 Nxd5 7. Bd2 Be7 8.
e3 O-O 9. Be2 e5 10. Nxd5 Qxd5 11. Nb5 Qxg2 12. Bf3 Qg6 13. Nc7 e4 14. Be2 Qg2
15. Rf1 Bh3 16. Nxa8 Nd7 17. Qc2 Rxa8 18. O-O-O Qxh2 19. Rh1 Qxf2 20. Bb5 Qf3
1/2-1/2

[Event "30. Internationales Böblinger Open"]
[Site "Böblingen"]
[Date "2013.12.29"]
[Round "6"]
[White "Janzelj, Tim"]
[Black "Schoen, Ralf"]
[Result "1-0"]
[WhiteElo "2282"]
[BlackElo "2158"]
[PlyCount "129"]
[EventDate "2013.12.26"]
[EventType "swiss"]
[EventRounds "9"]
[EventCountry "GER"]

1. d4 Nf6 2. c4 b6 3. Nc3 Bb7 4. Nf3 e6 5. Bg5 Bb4 6. Nd2 Bxc3 7. bxc3 d6 8. f3
Nbd7 9. e4 e5 10. Bd3 c5 11. d5 h6 12. Be3 Nf8 13. Bc2 Bc8 14. Ba4+ Bd7 15. g3
Bxa4 16. Qxa4+ Qd7 17. Qb3 Qh3 18. Kf2 N8d7 19. Rag1 Nh5 20. Qb1 Ke7 21. Ke2
Raf8 22. Kd1 g6 23. g4 Nf4 24. Kc2 Rh7 25. Qe1 Ng2 26. Rxg2 Qxg2 27. h4 f5 28.
Rg1 Qh2 29. Bf2 fxg4 30. Bg3 Qh3 31. Rh1 Qg2 32. Rh2 Qxh2 33. Bxh2 gxf3 34. Bg3
Rhf7 35. Bf2 Kf6 36. Nf1 h5 37. Qe3 Kg7 38. Qg5 Nf6 39. Ng3 Kh7 40. Kd3 Ng4 41.
Nh1 Rf6 42. Kc2 R8f7 43. Kd2 Rf4 44. Kd3 R7f6 45. Kc2 Kg7 46. Kb3 Kf7 47. Bg3
Rxe4 48. Qc1 f2 49. Nxf2 Nxf2 50. Qa3 Rf3 51. Qxa7+ Kf6 52. Qxb6 Rxg3 53. Qxd6+
Kf7 54. Qe6+ Kg7 55. Qe7+ Kg8 56. d6 Nd1 57. Qe6+ Kg7 58. d7 Rxc3+ 59. Ka4
Rcxc4+ 60. Kb5 Nc3+ 61. Kc6 Rcd4 62. Qe7+ Kg8 63. d8=Q+ Rxd8 64. Qxd8+ Kf7 65.
Qd3 1-0

[Event "30. Internationales Böblinger Open"]
[Site "Böblingen"]
[Date "2013.12.29"]
[Round "6"]
[White "Kabisch, Thilo"]
[Black "Milov, Leonid"]
[Result "1/2-1/2"]
[WhiteElo "2262"]
[BlackElo "2525"]
[PlyCount "81"]
[EventDate "2013.12.26"]
[EventType "swiss"]
[EventRounds "9"]
[EventCountry "GER"]

1. e3 g6 2. f4 Bg7 3. Nf3 c5 4. d4 Nf6 5. Bd3 O-O 6. O-O d5 7. b3 Qc7 8. Ne5
Nc6 9. Bb2 Qb6 10. c3 Nxe5 11. fxe5 Ng4 12. Qe2 f6 13. h3 Nh6 14. c4 dxc4 15.
Bxc4+ Kh8 16. Nc3 cxd4 17. Nd5 Qd8 18. Ba3 Re8 19. Bxe7 Rxe7 20. exf6 Bxf6 21.
Rxf6 Re5 22. e4 Bf5 23. Qd2 Rxd5 24. Bxd5 Qxf6 25. Qxh6 d3 26. Rf1 Qd4+ 27. Kh2
d2 28. Qf4 Rd8 29. Qf3 Bxe4 30. Bxe4 d1=Q 31. Rxd1 Qxd1 32. Qf6+ Kg8 33. Qe6+
Kf8 34. Qf6+ Kg8 35. Qe6+ Kg7 36. Qe7+ Kh6 37. Qh4+ Kg7 38. Qe7+ Kh6 39. Qh4+
Kg7 40. Qe7+ Kg8 41. Qe6+ 1/2-1/2

[Event "30. Internationales Böblinger Open"]
[Site "Böblingen"]
[Date "2013.12.29"]
[Round "6"]
[White "Kersten, Uwe"]
[Black "Wagener, Claude"]
[Result "1/2-1/2"]
[WhiteElo "2280"]
[BlackElo "2217"]
[PlyCount "35"]
[EventDate "2013.12.26"]
[EventType "swiss"]
[EventRounds "9"]
[EventCountry "GER"]

1. e4 c5 2. Nf3 e6 3. b3 a6 4. Bb2 Nc6 5. c4 d6 6. d4 cxd4 7. Nxd4 Bd7 8. Nxc6
Bxc6 9. Bd3 Nf6 10. Qe2 Be7 11. O-O O-O 12. Nc3 Re8 13. Kh1 Bf8 14. f4 g6 15.
e5 Nh5 16. Be4 d5 17. cxd5 exd5 18. Bd3 1/2-1/2

[Event "30. Internationales Böblinger Open"]
[Site "Böblingen"]
[Date "2013.12.29"]
[Round "6"]
[White "Lambert, Andreas"]
[Black "Schmid, Roland"]
[Result "1/2-1/2"]
[WhiteElo "2144"]
[BlackElo "2261"]
[PlyCount "59"]
[EventDate "2013.12.26"]
[EventType "swiss"]
[EventRounds "9"]
[EventCountry "GER"]

1. c4 Nf6 2. Nf3 e6 3. g3 d5 4. Bg2 Be7 5. O-O O-O 6. b3 b6 7. Bb2 Bb7 8. e3 c5
9. Qe2 Nc6 10. d3 Qc7 11. Ne1 Rad8 12. f4 a6 13. Nf3 b5 14. Nbd2 dxc4 15. dxc4
Nb4 16. e4 Nd3 17. Bc3 b4 18. Bxf6 gxf6 19. Rfd1 Rd7 20. Nf1 Rfd8 21. Rd2 Qc6
22. Nh4 Qd6 23. Nf3 f5 24. e5 Qc7 25. Rad1 Be4 26. Ng5 Bxg2 27. Qh5 Bxg5 28.
Qxg5+ Kf8 29. Qh6+ Kg8 30. Qg5+ 1/2-1/2

[Event "30. Internationales Böblinger Open"]
[Site "Böblingen"]
[Date "2013.12.29"]
[Round "6"]
[White "Malek, Daniel"]
[Black "Degenhardt, Horst"]
[Result "0-1"]
[WhiteElo "2389"]
[BlackElo "2248"]
[PlyCount "184"]
[EventDate "2013.12.26"]
[EventType "swiss"]
[EventRounds "9"]
[EventCountry "GER"]

1. d4 d6 2. Nf3 Nf6 3. c4 g6 4. Nc3 Bf5 5. Qb3 b6 6. g3 c5 7. Bg2 Nc6 8. Qa4
Bd7 9. Qd1 Bg7 10. O-O O-O 11. e3 Rc8 12. b3 e6 13. Bb2 Qe7 14. Qd2 Rfd8 15.
Rad1 Na5 16. e4 Bc6 17. Rfe1 Ba8 18. h3 a6 19. Qe2 Qc7 20. Kh2 h6 21. d5 e5 22.
Nd2 Rb8 23. Ba1 Bb7 24. a3 Bc8 25. b4 Nb7 26. b5 a5 27. Na4 Re8 28. Rf1 Nd8 29.
Rde1 Nd7 30. Qd3 Nf8 31. Kh1 Bd7 32. f4 f6 33. f5 g5 34. Bf3 Re7 35. Bh5 Be8
36. Bf3 Bh8 37. Kg2 Rh7 38. Bc3 Ra8 39. h4 Nb7 40. Rh1 Rd8 41. Kf2 Rg7 42. Qe2
Rdd7 43. Reg1 Nh7 44. Nf1 Nf8 45. Ne3 Rh7 46. Rh3 Nd8 47. Rgh1 Nb7 48. Bd2 Nd8
49. Qd1 Nb7 50. R1h2 Nd8 51. Qh1 Qa7 52. hxg5 hxg5 53. Rxh7 Rxh7 54. Rxh7 Nxh7
55. Bh5 Bxh5 56. Qxh5 Nf7 57. Ng4 Bg7 58. Qg6 Qc7 59. Ke2 Qd8 60. Kd3 Nf8 61.
Qh5 Nd7 62. Nh2 Qa8 63. Nf3 Qd8 64. Kc2 Nf8 65. Kb3 Nd7 66. Qh1 Qa8 67. Qc1 Bf8
68. Qc3 Be7 69. Nxb6 Nxb6 70. Qxa5 Qxa5 71. Bxa5 Bd8 72. Bd2 Kf8 73. a4 Ke7 74.
a5 Nc8 75. Ka4 Kd7 76. b6 Bxb6 77. axb6 Nxb6+ 78. Kb5 Nc8 79. Ba5 Ne7 80. Nd2
g4 81. Ka4 Ng5 82. Kb3 Ng8 83. Kc2 Nf7 84. Nf1 Kc8 85. Ne3 Ngh6 86. Kd3 Kb7 87.
Ng2 Ka6 88. Bd2 Kb6 89. Nh4 Kc7 90. Ng6 Kd7 91. Nf8+ Ke8 92. Ne6 Ng8 0-1

[Event "30. Internationales Böblinger Open"]
[Site "Böblingen"]
[Date "2013.12.29"]
[Round "6"]
[White "Matnadze, Ana"]
[Black "Kvetny, Mark"]
[Result "1-0"]
[WhiteElo "2382"]
[BlackElo "2239"]
[PlyCount "107"]
[EventDate "2013.12.26"]
[EventType "swiss"]
[EventRounds "9"]
[EventCountry "GER"]

1. d4 Nf6 2. Nf3 e6 3. Bg5 c5 4. Nc3 cxd4 5. Nxd4 Nc6 6. e3 Bb4 7. Ndb5 a6 8.
Nd6+ Ke7 9. Nde4 d5 10. a3 Ba5 11. Ng3 Bxc3+ 12. bxc3 Qa5 13. Qd2 Bd7 14. Bd3
h6 15. Bxf6+ gxf6 16. O-O Rac8 17. Rfb1 Rc7 18. Rb3 Ne5 19. Rb4 h5 20. h4 Rg8
21. Be2 Nc6 22. Rbb1 Ne5 23. Nxh5 Qxc3 24. Qxc3 Rxc3 25. Rxb7 Rxc2 26. Bxa6
Nf3+ 27. Kh1 Nxh4 28. Rxd7+ Kxd7 29. Nxf6+ Kd6 30. Nxg8 Rxf2 31. Bf1 Nf5 32.
Kg1 Rb2 33. Nf6 Nxe3 34. a4 Nc2 35. Rc1 Ra2 36. Ng4 Rxa4 37. Nh6 Ne3 38. Nxf7+
Ke7 39. Ne5 Kf6 40. Nd3 Ra2 41. Re1 d4 42. Be2 e5 43. Bf3 Kf5 44. Rb1 Ra3 45.
Nf2 Kf4 46. Rb8 Ra1+ 47. Kh2 Nf1+ 48. Kh3 Ra5 49. Rf8+ Ke3 50. Ng4+ Kd2 51. Rf5
d3 52. Be4 Ne3 53. Rf2+ Ke1 54. Bxd3 1-0

[Event "30. Internationales Böblinger Open"]
[Site "Böblingen"]
[Date "2013.12.29"]
[Round "6"]
[White "Nasshan, Dennis"]
[Black "Kachar, Vladimir"]
[Result "0-1"]
[WhiteElo "2162"]
[BlackElo "2290"]
[PlyCount "118"]
[EventDate "2013.12.26"]
[EventType "swiss"]
[EventRounds "9"]
[EventCountry "GER"]

1. d4 Nf6 2. Bg5 d5 3. Bxf6 gxf6 4. e3 c5 5. c3 Nc6 6. Nd2 e5 7. Ndf3 Qb6 8.
Qb3 Qxb3 9. axb3 cxd4 10. exd4 exd4 11. Nxd4 Nxd4 12. cxd4 Bb4+ 13. Kd1 Bf5 14.
Ne2 Rc8 15. Rc1 Kd7 16. Nc3 a6 17. Kd2 Rhg8 18. g3 h5 19. Bd3 Be6 20. f4 Kd6
21. Ke3 h4 22. Kf2 Rh8 23. Ne2 Rce8 24. f5 Bd7 25. Rcd1 Rh5 26. g4 Rhh8 27. Nf4
Ba5 28. Nh5 Bb6 29. Bb1 Bb5 30. Rd2 Ba5 31. Rc2 Re4 32. Nxf6 Rxd4 33. h3 Rd3
34. Kg2 Bd8 35. Nh5 Bg5 36. Rf2 Rxb3 37. Rd1 Bc6 38. Ba2 Rb4 39. Re2 d4+ 40.
Kf2 Bb5 41. Red2 Be3+ 42. Kg2 Bc6+ 43. Kf1 Bf3 44. Bxf7 Bxd1 45. Rxd1 Rxb2 46.
f6 Ke5 47. Bc4 Rf2+ 48. Ke1 Rxh5 49. gxh5 Rxf6 50. Bd3 Kf4 51. Be2 Kg3 52. Bg4
b5 53. Ke2 b4 54. Kd3 b3 55. Rb1 Rb6 56. h6 Bxh6 57. Kxd4 b2 58. Kc5 Be3+ 59.
Kc4 Bc1 0-1